Estadísticas para 15 principales países afectados por Covid19 - 1 agosto

Haz click aquí para intentar la prueba.

Estadísticas generales

  • Esta prueba ha sido intentada 3 veces
  • La puntuación promedio es 19 de 25

Estadísticas de respuestas

país% Correcto
Arabia Saudita
100%
Brasil
100%
Chile
100%
Chile
100%
Colombia
100%
España
100%
Estados Unidos
100%
India
100%
Irán
100%
Italia
100%
Pakistán
100%
Perú
100%
Reino Unido
100%
Rusia
100%
Sudáfrica
100%
Catar
67%
México
67%
Suecia
67%
Armenia
33%
Baréin
33%
Kuwait
33%
Omán
33%
Panamá
33%
Israel
0%
Singapur
0%

Distribución de puntuación

Porcentaje por número respondido

Porcentaje de gente con cada puntuación

Historial de tus puntuaciones

No has intentado esta prueba.